| 000 | 00641nam a22002057a 4500 | ||
|---|---|---|---|
| 005 | 20260219094619.0 | ||
| 008 | 260219b |||||||| |||| 00| 0 eng d | ||
| 020 | _a1883002362 | ||
| 040 | _absop | ||
| 100 |
_aMeyer, F.B. (Frederick Brotherton), _d1847-1929. |
||
| 245 |
_aThe life of Peter : _bfisherman, disciple, apostle / _cF B Meyer (Frederick Brotherton) ; Lance Wubbels |
||
| 264 |
_aLynnwood, Wash. : _bEmerald Books, _cc1996. |
||
| 300 |
_a192 pages ; _c21 cm. |
||
| 336 | _atext | ||
| 337 | _aunmediated | ||
| 338 | _avolume | ||
| 630 |
_aBible _pNew Testament _vBiography |
||
| 700 | _aWubbels, Lance | ||
| 942 |
_2lcc _cBK |
||
| 999 |
_c55429 _d55429 |
||